00505nam a2200181Ia 4500003000400000005001700004008004100021020002900062040001700091082002000108100002200128245005400150250001100204260003000215300001700245650002400262650003700286IIN20240124164954.0231217s9999 xx 000 0 und d cRs.755.00a9788131252697 aIINbEnglish a610.73072 bSHA1 aSharma, Suresh K.1 aNursing Research and StatisticscSuresh K. Sharma a3rd ed bElsevieraNew Delhic2019 axiii, 610 p.1 aResearch vNursing 1 aResearch and StatisticsvNursing